[Event "7. Bayerische Meisterschaft 2003"]
[Site "Bad Wiessee"]
[Date "2003.11.16"]
[Round "9"]
[White "Berelovich, Aleksandar"]
[Black "Bromberger, Stefan"]
[Result "0-1"]
[WhiteElo "2540"]
[BlackElo "2448"]
[PlyCount "78"]
[EventDate "2003.11.08"]

1. e4 c5 2. Nf3 d6 3. d4 Nf6 4. Nc3 cxd4 5. Nxd4 a6 6. h3 e6 7. g4 b5 8. Bg2
Bb7 9. a3 h6 10. O-O g5 11. Qe2 Nbd7 12. f4 gxf4 13. Bxf4 e5 14. Bg3 Qb6 15.
Bf2 exd4 16. Rad1 Be7 17. Bxd4 Qc7 18. Rf5 Ne5 19. Qf2 Nfd7 20. Nd5 Bxd5 21.
exd5 f6 22. Kh1 Kf7 23. c3 Rag8 24. Ra1 Nc5 25. Rf1 Ke8 26. b4 Na4 27. Rxf6
Bxf6 28. Qxf6 Rf8 29. Qe6+ Kd8 30. Rf6 Nc4 31. Rf5 Qe7 32. Bxh8 Rxh8 33. Rf7
Qxe6 34. dxe6 Ne5 35. e7+ Ke8 36. Rg7 Nxc3 37. Bb7 Nf7 38. Kg2 Kxe7 39. Rg6 Ne2
0-1

[Event "7. Bayerische Meisterschaft 2003"]
[Site "Bad Wiessee"]
[Date "2003.11.16"]
[Round "9"]
[White "Galdunts, Sergey"]
[Black "Potkin, Vladimir"]
[Result "1/2-1/2"]
[WhiteElo "2496"]
[BlackElo "2534"]
[PlyCount "24"]
[EventDate "2003.11.08"]

1. e4 e6 2. d3 d5 3. Nd2 Nf6 4. Ngf3 c5 5. g3 Nc6 6. Bg2 Be7 7. O-O O-O 8. Re1
b5 9. exd5 exd5 10. a4 bxa4 11. Rxa4 Bd7 12. c3 Re8 1/2-1/2

[Event "7. Bayerische Meisterschaft 2003"]
[Site "Bad Wiessee"]
[Date "2003.11.16"]
[Round "9"]
[White "Khenkin, Igor"]
[Black "Meins, Gerlef"]
[Result "1/2-1/2"]
[WhiteElo "2627"]
[BlackElo "2426"]
[PlyCount "120"]
[EventDate "2003.11.08"]

1. d4 d5 2. c4 dxc4 3. Nf3 Nf6 4. e3 e6 5. Bxc4 c5 6. O-O Nc6 7. Qe2 cxd4 8.
Rd1 Be7 9. exd4 O-O 10. a3 b6 11. Nc3 Bb7 12. d5 exd5 13. Nxd5 Nxd5 14. Bxd5
Qe8 15. Be3 Bf6 16. Rac1 Rc8 17. Qb5 Na5 18. Qxe8 Rfxe8 19. Bxb7 Nxb7 20. b4 h6
21. Kf1 Rxc1 22. Rxc1 Nd6 23. Nd4 Re4 24. Nc6 Nc4 25. Ke2 Nxe3 26. fxe3 Bb2 27.
Rb1 Bxa3 28. Kd3 f5 29. Nd4 a5 30. bxa5 bxa5 31. Rb8+ Kh7 32. Nxf5 Rb4 33. Ra8
Rb5 34. e4 Bb2 35. g4 Bf6 36. h4 Rb3+ 37. Kc4 Rb4+ 38. Kd5 Rb5+ 39. Kc4 Rb4+
40. Kd5 Rb5+ 41. Kd6 Rb6+ 42. Kd7 Rb4 43. Nd6 Bxh4 44. Rxa5 Bg3 45. Nf5 Rxe4
46. Nxg3 Rxg4 47. Ra3 Rg5 48. Ke6 Rg6+ 49. Ke5 Rg5+ 50. Kf4 Kh8 51. Ra7 Kg8 52.
Ne4 Rg1 53. Ke5 Re1 54. Re7 Kf8 55. Rd7 Kg8 56. Kf5 Rf1+ 57. Kg4 Rf7 58. Rd8+
Kh7 59. Nc5 Rf1 60. Ne6 Rf7 1/2-1/2

[Event "7. Bayerische Meisterschaft 2003"]
[Site "Bad Wiessee"]
[Date "2003.11.16"]
[Round "9"]
[White "Eingorn, Vereslavs"]
[Black "Hobuss, Udo"]
[Result "1-0"]
[WhiteElo "2607"]
[BlackElo "2414"]
[PlyCount "83"]
[EventDate "2003.11.08"]

1. d4 Nf6 2. Nf3 e6 3. c4 d5 4. Nc3 Nbd7 5. Bg5 c6 6. cxd5 exd5 7. e3 Be7 8.
Qc2 O-O 9. Bd3 Re8 10. h3 Nf8 11. Bf4 Bd6 12. Bxd6 Qxd6 13. O-O-O Be6 14. g4 a5
15. Kb1 b5 16. Rc1 a4 17. Ne5 N6d7 18. Nxd7 Bxd7 19. g5 Ra5 20. h4 Rea8 21. Ne2
b4 22. Qd2 Ne6 23. f4 c5 24. f5 c4 25. fxe6 Bxe6 26. Nf4 cxd3 27. Nxe6 fxe6 28.
Qxd3 b3 29. a3 Rf8 30. g6 h6 31. Qc3 Qa6 32. h5 Rb5 33. Qd3 Qa5 34. Rhf1 Rbb8
35. Rf7 Rxf7 36. gxf7+ Kxf7 37. Qh7 Re8 38. Rf1+ Ke7 39. Qxg7+ Kd8 40. Rc1 Qb6
41. Qxh6 Qd6 42. Qg7 1-0

[Event "7. Bayerische Meisterschaft 2003"]
[Site "Bad Wiessee"]
[Date "2003.11.16"]
[Round "9"]
[White "Thinius, Marco"]
[Black "Fridman, Daniel"]
[Result "0-1"]
[WhiteElo "2389"]
[BlackElo "2592"]
[PlyCount "60"]
[EventDate "2003.11.08"]

1. e4 c5 2. Nf3 d6 3. d4 cxd4 4. Nxd4 Nf6 5. Nc3 g6 6. Be3 Bg7 7. Be2 Nc6 8.
Nb3 O-O 9. f4 b6 10. Bf3 Bb7 11. O-O e6 12. Rf2 Qe7 13. Re2 Rac8 14. Qe1 Rfd8
15. Rd1 Ne8 16. Bf2 Ba6 17. Red2 Bh6 18. Bh4 f6 19. e5 dxe5 20. Rxd8 Nxd8 21.
fxe5 g5 22. exf6 Nxf6 23. Bg3 g4 24. Be4 Nf7 25. Nd4 Qb4 26. Nxe6 Rxc3 27. Qxc3
Qxc3 28. bxc3 Nxe4 29. Bf4 Nxc3 30. Bxh6 Nxd1 0-1

[Event "7. Bayerische Meisterschaft 2003"]
[Site "Bad Wiessee"]
[Date "2003.11.16"]
[Round "9"]
[White "Burmakin, Vladimir"]
[Black "Papa, Severin"]
[Result "1-0"]
[WhiteElo "2590"]
[BlackElo "2401"]
[PlyCount "45"]
[EventDate "2003.11.08"]

1. Nf3 c5 2. g3 Nc6 3. Bg2 e5 4. c4 g6 5. Nc3 Bg7 6. O-O Nge7 7. a3 O-O 8. Rb1
a5 9. Ne1 d6 10. Nc2 Be6 11. Ne3 Qd7 12. Ned5 Rab8 13. d3 Kh8 14. Bg5 f6 15.
Bd2 f5 16. Bg5 Bf7 17. Qa4 Ng8 18. Bd2 Nf6 19. Nxf6 Bxf6 20. b4 axb4 21. axb4
Ra8 22. Qb5 cxb4 23. Rxb4 1-0

[Event "7. Bayerische Meisterschaft 2003"]
[Site "Bad Wiessee"]
[Date "2003.11.16"]
[Round "9"]
[White "Kostic, Vladimir"]
[Black "Luther, Thomas"]
[Result "1/2-1/2"]
[WhiteElo "2373"]
[BlackElo "2580"]
[PlyCount "120"]
[EventDate "2003.11.08"]

1. e4 Nf6 2. Nc3 d5 3. exd5 Nxd5 4. Bc4 c6 5. d4 Bf5 6. Nge2 e6 7. O-O Bd6 8.
Ng3 Bxg3 9. hxg3 Nd7 10. Nxd5 cxd5 11. Bb5 a6 12. Be2 O-O 13. c3 Nf6 14. Bg5 h6
15. Bf4 Ne4 16. Bd3 Bh7 17. Re1 Nd6 18. Bf1 Rc8 19. g4 Nc4 20. b3 Nd6 21. Rc1
b5 22. f3 Rc6 23. Qd2 Qb6 24. Qf2 Rfc8 25. Bd2 Bg6 26. b4 Ra8 27. a3 a5 28. Ra1
Qb7 29. bxa5 Rca6 30. Bf4 Nc4 31. Bxc4 bxc4 32. Rec1 Qc6 33. Qg3 R8a7 34. Ra2
Rb7 35. Kh2 Kh7 36. g5 hxg5 37. Qxg5 f6 38. Qg3 Bf5 39. Re2 Bd3 40. Rf2 Kg8 41.
Kg1 Kf7 42. Qh2 Qd7 43. g4 Qe7 44. g5 fxg5 45. Be5 Rxa5 46. Bd6 Qf6 47. Qh5+ g6
48. Qh7+ Qg7 49. Rh2 Ke8 50. Qh3 Kd7 51. Qg3 Ra6 52. Bb4 Qf6 53. Re1 Kc8 54.
Bd6 Rab6 55. Be5 Qe7 56. Rh8+ Kd7 57. Rg8 Rb1 58. Rg7 Rxe1+ 59. Qxe1 Rb1 60.
Rxe7+ Kxe7 1/2-1/2

[Event "7. Bayerische Meisterschaft 2003"]
[Site "Bad Wiessee"]
[Date "2003.11.16"]
[Round "9"]
[White "Zude, Arno"]
[Black "Rotstein, Arkadij"]
[Result "1-0"]
[WhiteElo "2382"]
[BlackElo "2533"]
[PlyCount "127"]
[EventDate "2003.11.08"]

1. e4 c5 2. Nf3 e6 3. d4 cxd4 4. Nxd4 Nf6 5. Nc3 d6 6. Be2 Be7 7. O-O a6 8. f4
Qc7 9. Kh1 O-O 10. Be3 b5 11. Bf3 Bb7 12. e5 dxe5 13. fxe5 Nfd7 14. Bf4 Nc6 15.
Nxc6 Bxc6 16. Bxc6 Qxc6 17. Qg4 Kh8 18. a3 a5 19. Qf3 Qxf3 20. gxf3 b4 21. axb4
axb4 22. Ne4 h6 23. c4 Nc5 24. Nxc5 Bxc5 25. Rfd1 Kh7 26. Kg2 Kg6 27. Kf1 Rfd8
28. Ke2 Rxd1 29. Rxd1 Ra2 30. Rd2 Kf5 31. Be3 Bxe3 32. Kxe3 Kxe5 33. Kd3 Ra7
34. Kc2 Kf4 35. Kb3 Rb7 36. c5 Kxf3 37. c6 Rc7 38. Rc2 e5 39. Kxb4 e4 40. Kc5
e3 41. b4 Re7 42. b5 e2 43. Rc1 e1=Q 44. Rxe1 Rxe1 45. c7 Rc1+ 46. Kd6 Rd1+ 47.
Kc6 Rc1+ 48. Kd7 Rd1+ 49. Ke8 Rc1 50. b6 f5 51. b7 Rxc7 52. b8=Q Rc1 53. Qb3+
Ke4 54. Qb4+ Kd3 55. Qb5+ Kd2 56. Qd5+ Ke2 57. Qe5+ Kd2 58. Qf4+ Kd1 59. Qxf5
Rc2 60. Qf1+ Kd2 61. Qg2+ Kd1 62. Qxg7 Re2+ 63. Kd7 h5 64. Qg1+ 1-0

[Event "7. Bayerische Meisterschaft 2003"]
[Site "Bad Wiessee"]
[Date "2003.11.16"]
[Round "9"]
[White "Schmaltz, Roland"]
[Black "Cladouras, Panagiotis"]
[Result "1-0"]
[WhiteElo "2519"]
[BlackElo "2343"]
[PlyCount "69"]
[EventDate "2003.11.08"]

1. e4 c5 2. Nf3 e6 3. d4 cxd4 4. Nxd4 a6 5. Nc3 Qc7 6. Bd3 Nc6 7. Nxc6 dxc6 8.
f4 e5 9. Qf3 Nf6 10. f5 h5 11. a4 a5 12. O-O Bc5+ 13. Kh1 Kf8 14. Nd1 Bd7 15.
Bg5 Ne8 16. Qe2 f6 17. Bd2 Nd6 18. Ne3 Be8 19. Nc4 Nxc4 20. Bxc4 Bd4 21. Rab1
Bc5 22. Be6 b6 23. Qc4 Qd6 24. Bc3 Bb4 25. Rfd1 Qe7 26. Rd3 Bxc3 27. bxc3 b5
28. Qb3 h4 29. h3 Rh5 30. axb5 cxb5 31. Qd5 Ra7 32. Rxb5 Bxb5 33. Qxb5 Rb7 34.
Qxa5 Qc7 35. Rd8+ 1-0

[Event "7. Bayerische Meisterschaft 2003"]
[Site "Bad Wiessee"]
[Date "2003.11.16"]
[Round "9"]
[White "Tauber, Manfred"]
[Black "Schenk, Andreas"]
[Result "0-1"]
[WhiteElo "2269"]
[BlackElo "2499"]
[PlyCount "108"]
[EventDate "2003.11.08"]

1. d4 Nf6 2. Nf3 d5 3. e3 e6 4. Bd3 b6 5. O-O Bb7 6. Nbd2 Be7 7. Ne5 O-O 8. Qe2
c5 9. c3 Nbd7 10. f4 Ne8 11. Ndf3 Ndf6 12. Bd2 Nd6 13. Be1 Nfe4 14. Nd2 f6 15.
Ng4 a5 16. a4 Qd7 17. Nf2 Bd8 18. Qf3 Bc7 19. Qh3 cxd4 20. exd4 Rae8 21. Nd1
Bc6 22. b3 Qd8 23. Nf3 Re7 24. Bd2 Bd7 25. Qh4 Qb8 26. Qe1 Bc6 27. Ne3 Be8 28.
Rc1 Bh5 29. g4 Bg6 30. Nh4 Bf7 31. Nf3 Kh8 32. c4 Bg8 33. Ng2 h6 34. Be3 Bh7
35. Be2 Nf7 36. Nd2 Nxd2 37. Qxd2 Nd6 38. Bf3 Ne4 39. Qb2 g5 40. Bd1 Rg8 41.
Kh1 Reg7 42. cxd5 exd5 43. Rc6 h5 44. Qc1 hxg4 45. Bxg4 gxf4 46. Nxf4 Rxg4 47.
Rxc7 Qe8 48. Rf3 Ng5 49. Rg3 Qe4+ 50. Kg1 Nh3+ 51. Nxh3 Rxg3+ 52. hxg3 Rxg3+
53. Kf1 Qf3+ 54. Ke1 Qxe3+ 0-1

[Event "7. Bayerische Meisterschaft 2003"]
[Site "Bad Wiessee"]
[Date "2003.11.16"]
[Round "9"]
[White "Bopp, Thomas"]
[Black "Stern, Rene"]
[Result "0-1"]
[WhiteElo "2156"]
[BlackElo "2484"]
[PlyCount "79"]
[EventDate "2003.11.08"]

1. g3 d5 2. Bg2 e5 3. c4 dxc4 4. Qa4+ Nd7 5. Nf3 c6 6. Qxc4 Ngf6 7. O-O Bd6 8.
d3 O-O 9. b3 Qe7 10. Nbd2 Re8 11. Ng5 Nb6 12. Qc2 Bc7 13. Bb2 Bg4 14. Rfe1 Rad8
15. Rac1 Nfd5 16. Nge4 f5 17. Nc5 Nb4 18. Qb1 Bd6 19. Na4 Nxa4 20. bxa4 Nd5 21.
a3 Bc7 22. Nc4 e4 23. f3 exf3 24. exf3 Qc5+ 25. Ne3 Qb6 26. a5 Qb3 27. Nxd5
Rxe1+ 28. Rxe1 Bxa5 29. Re7 Rxd5 30. Rxg7+ Kf8 31. fxg4 Rxd3 32. Bf1 Bb6+ 33.
Kg2 Qd5+ 34. Kh3 fxg4+ 35. Rxg4 Qh5+ 36. Rh4 Qf5+ 37. Rg4 Rxg3+ 38. hxg3 Qxb1
39. Rf4+ Ke8 40. Be5 0-1

[Event "7. Bayerische Meisterschaft 2003"]
[Site "Bad Wiessee"]
[Date "2003.11.16"]
[Round "9"]
[White "Loew, Gerald"]
[Black "Shaw, John"]
[Result "0-1"]
[WhiteElo "2264"]
[BlackElo "2465"]
[PlyCount "80"]
[EventDate "2003.11.08"]

1. c4 e5 2. g3 Nf6 3. Bg2 h6 4. a3 c6 5. d4 exd4 6. Qxd4 d5 7. cxd5 cxd5 8. Nf3
Nc6 9. Qa4 Bc5 10. b4 Bb6 11. O-O O-O 12. Bb2 Qe7 13. b5 Na5 14. e3 Bd7 15. Bd4
Rfc8 16. Nbd2 Nc4 17. Nxc4 Rxc4 18. Qb3 Ne4 19. Qb2 Rac8 20. Bxb6 axb6 21. Nd4
Qc5 22. Rfd1 Nf6 23. Bf1 Rc3 24. Bd3 Bg4 25. Ne2 Bxe2 26. Qxe2 Rxa3 27. Rxa3
Qxa3 28. g4 Rc1 29. Rxc1 Qxc1+ 30. Kg2 Qc3 31. Bf5 g6 32. Bd3 Nd7 33. h3 Ne5
34. Bb1 Qb4 35. Bd3 Qb3 36. Bc2 Qb2 37. Qd1 Qxb5 38. Ba4 Qc5 39. Qb1 Nc4 40.
Bc2 Na3 0-1

[Event "7. Bayerische Meisterschaft 2003"]
[Site "Bad Wiessee"]
[Date "2003.11.16"]
[Round "9"]
[White "Breder, Dennis"]
[Black "Hellmayr, Alois"]
[Result "1-0"]
[WhiteElo "2458"]
[BlackElo "2256"]
[PlyCount "99"]
[EventDate "2003.11.08"]

1. e4 c5 2. Nf3 e6 3. g3 d6 4. Bg2 Nf6 5. d3 Be7 6. O-O Nc6 7. Re1 Qc7 8. c3
Bd7 9. a3 Ne5 10. Nxe5 dxe5 11. f4 h5 12. fxe5 Ng4 13. Nd2 Nxe5 14. Nf3 Ng4 15.
Bf4 e5 16. Bc1 O-O-O 17. h3 Nf6 18. Qe2 h4 19. g4 Nxg4 20. hxg4 Bxg4 21. Bf1
Rd6 22. Qe3 Rg6 23. Kh1 Rh5 24. Nh2 Bd7 25. Qf3 Rh8 26. Be3 Rg3 27. Qxf7 Qd6
28. Qd5 Qg6 29. Qxe5 Bd6 30. Qd5 Rf8 31. Bxc5 Bc7 32. Re2 b6 33. Bd4 Bc6 34.
Qc4 Rf4 35. Rae1 Kb7 36. b4 Be5 37. b5 Rf6 38. bxc6+ Rxc6 39. Qd5 Bxd4 40. Qxd4
Rd6 41. Qf2 Rf6 42. Qd4 Rd6 43. Bg2 Rxd4 44. cxd4 h3 45. Bf3 Ka6 46. e5 Qxd3
47. e6 Rxf3 48. e7 Re3 49. Rxe3 Qd2 50. R3e2 1-0

[Event "7. Bayerische Meisterschaft 2003"]
[Site "Bad Wiessee"]
[Date "2003.11.16"]
[Round "9"]
[White "Rozentalis, Eduardas"]
[Black "Lorscheid, Gerhard"]
[Result "1-0"]
[WhiteElo "2633"]
[BlackElo "2297"]
[PlyCount "83"]
[EventDate "2003.11.08"]

1. e4 d6 2. d4 Nf6 3. Nc3 g6 4. Nf3 Bg7 5. Be2 O-O 6. O-O Bg4 7. Be3 Nc6 8. Nd2
Bxe2 9. Qxe2 e5 10. d5 Nd4 11. Qd3 c5 12. dxc6 bxc6 13. Nb3 Nb5 14. Nxb5 cxb5
15. Rfd1 Qc7 16. f3 Rfc8 17. Rac1 a5 18. Qxd6 a4 19. Qxc7 Rxc7 20. Nd2 Rac8 21.
c3 a3 22. bxa3 Rxc3 23. Nb1 Rc2 24. Rxc2 Rxc2 25. Rd8+ Bf8 26. Bh6 Nd7 27. h4
f6 28. Kh2 Rc7 29. Bd2 Kf7 30. Nc3 Be7 31. Ra8 Nb6 32. Rh8 h5 33. Nxb5 Rc2 34.
Rh7+ Ke6 35. Ba5 Nc8 36. Nc7+ Kd7 37. Nd5 Ke6 38. Bb4 Bd8 39. Rg7 g5 40. a4
Rxa2 41. a5 gxh4 42. Nc7+ 1-0

[Event "7. Bayerische Meisterschaft 2003"]
[Site "Bad Wiessee"]
[Date "2003.11.16"]
[Round "9"]
[White "Sulskis, Sarunas"]
[Black "Gasthofer, Viktor"]
[Result "0-1"]
[WhiteElo "2586"]
[BlackElo "2295"]
[PlyCount "50"]
[EventDate "2003.11.08"]

1. e4 e6 2. d4 d5 3. Nc3 Bb4 4. e5 c5 5. a3 Bxc3+ 6. bxc3 Ne7 7. Qg4 Kf8 8. h4
Qa5 9. Rh3 Nbc6 10. Kd1 cxd4 11. h5 h6 12. Qf4 Ke8 13. Bd3 dxc3 14. Rf3 Rf8 15.
Qg3 d4 16. Bf4 Nf5 17. Bxf5 exf5 18. Qxg7 Be6 19. Qxh6 Rd8 20. Ne2 Rg8 21. Bg5
d3 22. Bxd8 dxe2+ 23. Kxe2 Nd4+ 24. Kd1 Rxg2 25. Rg3 Rxg3 0-1

[Event "7. Bayerische Meisterschaft 2003"]
[Site "Bad Wiessee"]
[Date "2003.11.16"]
[Round "9"]
[White "Ciuksyte, Dagne"]
[Black "Golod, Vitali"]
[Result "0-1"]
[WhiteElo "2295"]
[BlackElo "2544"]
[PlyCount "46"]
[EventDate "2003.11.08"]

1. e4 c5 2. Nf3 Nc6 3. d4 cxd4 4. Nxd4 Qb6 5. Nb3 Nf6 6. Nc3 e6 7. Qe2 Bb4 8.
Bd2 O-O 9. a3 Be7 10. f4 d5 11. e5 Ne8 12. O-O-O f6 13. exf6 Bxf6 14. g3 a5 15.
Qd3 Nd6 16. Be3 Qc7 17. Bg2 Nc4 18. Bc5 Rf7 19. Nd2 b5 20. b3 N6e5 21. fxe5
Qxc5 22. Nxb5 Nxe5 23. Qe2 Ba6 0-1

[Event "7. Bayerische Meisterschaft 2003"]
[Site "Bad Wiessee"]
[Date "2003.11.16"]
[Round "9"]
[White "Handke, Florian"]
[Black "Giemsa, Stephan"]
[Result "0-1"]
[WhiteElo "2476"]
[BlackElo "2290"]
[PlyCount "129"]
[EventDate "2003.11.08"]

1. e4 e6 2. d4 d5 3. exd5 exd5 4. c4 Nf6 5. Nc3 Be7 6. cxd5 Nxd5 7. Bd3 Nf6 8.
h3 O-O 9. Nf3 Nbd7 10. O-O Nb6 11. Re1 Re8 12. Bg5 Be6 13. Rc1 c6 14. Bb1 Nbd7
15. Qd2 Nf8 16. Rcd1 Qc7 17. Bf4 Qa5 18. Qc2 Nd5 19. Bd2 Nb4 20. Qc1 Qa6 21.
Bg5 Bxg5 22. Qxg5 Qb6 23. Ne4 Qd8 24. Qc5 Qb6 25. a3 Nd5 26. Qc1 Rad8 27. Ba2
Ne7 28. Bb1 Nd5 29. Nc5 Bc8 30. Ba2 Qc7 31. Rxe8 Rxe8 32. Bxd5 cxd5 33. Qg5 Qd6
34. Nd3 f6 35. Qf4 Qxf4 36. Nxf4 Be6 37. Rc1 Re7 38. h4 Kf7 39. Nd2 Rd7 40. Nf1
Ke7 41. Ne3 Kd8 42. Kf1 g5 43. Nd3 Rc7 44. Rd1 Ng6 45. Nc5 Bf7 46. hxg5 fxg5
47. g3 h5 48. Kg2 Ke7 49. Rh1 Nf8 50. Nd3 Nh7 51. Ne5 Nf6 52. Rf1 Be6 53. f4
gxf4 54. Ng6+ Kd6 55. Nxf4 Rg7 56. Rh1 Rg5 57. Rh4 Bf5 58. Nxf5+ Rxf5 59. Kf3
Rg5 60. Rh1 a5 61. a4 b6 62. Rh2 Rf5 63. Rc2 Rg5 64. Rc8 Kd7 65. Rb8 {später}
0-1

[Event "7. Bayerische Meisterschaft 2003"]
[Site "Bad Wiessee"]
[Date "2003.11.16"]
[Round "9"]
[White "Skembris, Spyridon"]
[Black "Zill, Christoph"]
[Result "1/2-1/2"]
[WhiteElo "2439"]
[BlackElo "2295"]
[PlyCount "62"]
[EventDate "2003.11.08"]

1. d4 f5 2. g3 Nf6 3. Bg2 g6 4. b3 Bg7 5. Bb2 d6 6. Nd2 Nc6 7. Nc4 e6 8. Nh3
Qe7 9. O-O O-O 10. Nf4 g5 11. d5 gxf4 12. dxc6 Ne4 13. Bxg7 Qxg7 14. gxf4 Kh8
15. Kh1 bxc6 16. Bxe4 fxe4 17. Rg1 Qf6 18. e3 Ba6 19. Nd2 d5 20. Qh5 Rae8 21.
c4 e5 22. cxd5 exf4 23. Rac1 Rg8 24. Rg4 fxe3 25. fxe3 Rxg4 26. Qxe8+ Rg8 27.
Qxe4 Qf2 28. dxc6 Bd3 29. Qd4+ Rg7 30. Qd5 Qxe3 31. Qd8+ Rg8 1/2-1/2

[Event "7. Bayerische Meisterschaft 2003"]
[Site "Bad Wiessee"]
[Date "2003.11.16"]
[Round "9"]
[White "Pirrot, Dieter"]
[Black "Schippan, Bernd"]
[Result "1/2-1/2"]
[WhiteElo "2422"]
[BlackElo "2269"]
[PlyCount "48"]
[EventDate "2003.11.08"]

1. e4 c5 2. c3 d5 3. exd5 Qxd5 4. d4 cxd4 5. cxd4 Nc6 6. Nf3 e5 7. Nc3 Bb4 8.
Bd2 Bxc3 9. Bxc3 e4 10. Ne5 Nxe5 11. dxe5 Ne7 12. Qa4+ Bd7 13. Qb4 a5 14. Qa3
Qe6 15. Rd1 O-O 16. Rd6 Qf5 17. g4 Qxg4 18. h3 Qf5 19. Be2 e3 20. fxe3 Ng6 21.
Qc5 Qe4 22. Rh2 Qh4+ 23. Kd2 Be6 24. Rh1 Bxa2 1/2-1/2

[Event "7. Bayerische Meisterschaft 2003"]
[Site "Bad Wiessee"]
[Date "2003.11.16"]
[Round "9"]
[White "Wiersma, Eelke"]
[Black "Sill, Thomas"]
[Result "1-0"]
[WhiteElo "2402"]
[BlackElo "2201"]
[PlyCount "75"]
[EventDate "2003.11.08"]

1. e4 c5 2. Nf3 Nc6 3. d4 cxd4 4. Nxd4 Nf6 5. Nc3 e5 6. Ndb5 d6 7. Bg5 a6 8.
Na3 b5 9. Nd5 Be7 10. Bxf6 Bxf6 11. c3 O-O 12. Nc2 Bg5 13. a4 bxa4 14. Rxa4 a5
15. Bc4 Rb8 16. b3 Kh8 17. O-O f5 18. exf5 Bxf5 19. Nce3 Bg6 20. Re1 e4 21. Nf1
Ne5 22. Ng3 Bh4 23. Nxe4 Bxe4 24. Rxe4 Bxf2+ 25. Kh1 Qg5 26. Be2 Bc5 27. Rf4
Rxf4 28. Rxf4 Re8 29. b4 axb4 30. cxb4 Ng6 31. Rf1 Ba7 32. b5 Bc5 33. Bf3 Nh4
34. Nc7 Re5 35. Be4 g6 36. Qa1 Nf5 37. Bxf5 gxf5 38. Ne6 1-0

[Event "7. Bayerische Meisterschaft 2003"]
[Site "Bad Wiessee"]
[Date "2003.11.16"]
[Round "9"]
[White "Sarbok, Torsten"]
[Black "Lindemann, Christian"]
[Result "1-0"]
[WhiteElo "2352"]
[BlackElo "2198"]
[PlyCount "79"]
[EventDate "2003.11.08"]

1. e4 e5 2. Nf3 Nc6 3. Bb5 a6 4. Ba4 d6 5. O-O Bd7 6. c3 Nge7 7. d4 Ng6 8. Ng5
Nf4 9. Bxf4 exf4 10. Nf3 g5 11. d5 Ne5 12. Bxd7+ Qxd7 13. Nxg5 Rg8 14. Qh5
O-O-O 15. Nf3 Nd3 16. Nbd2 Nxb2 17. Qxh7 Bg7 18. Rac1 Nd3 19. Rc2 Qa4 20. Nb3
Nc5 21. Nfd4 Kb8 22. Rb2 Ka7 23. Nxc5 dxc5 24. Nb3 Qa3 25. Rc2 f3 26. g3 Qa4
27. Qf5 c4 28. Na1 Bf8 29. Qxf3 Bc5 30. Re2 Qd7 31. Nc2 Qh3 32. Ne3 Rh8 33. Qg2
Qh5 34. Ree1 Qe5 35. Nxc4 Qxc3 36. Rc1 Qg7 37. e5 f6 38. e6 f5 39. Ne3 Qf8 40.
Nxf5 1-0

[Event "7. Bayerische Meisterschaft 2003"]
[Site "Bad Wiessee"]
[Date "2003.11.16"]
[Round "9"]
[White "Schuette, Manfred"]
[Black "Salvermoser, Bernd"]
[Result "1-0"]
[WhiteElo "2291"]
[BlackElo "2326"]
[PlyCount "87"]
[EventDate "2003.11.08"]

1. c4 c5 2. Nf3 Nf6 3. Nc3 e6 4. d4 cxd4 5. Nxd4 Bb4 6. Ndb5 d5 7. Bf4 O-O 8.
e3 Nc6 9. a3 Ba5 10. Bg5 a6 11. Nd4 Bxc3+ 12. bxc3 Qa5 13. Qc2 Ne4 14. Nxc6
bxc6 15. Be7 Re8 16. Bb4 Qd8 17. a4 a5 18. Ba3 Ba6 19. Bd3 Nf6 20. O-O dxc4 21.
Be4 Qc7 22. Rfb1 h6 23. Rb2 Nxe4 24. Qxe4 Red8 25. Bc5 Rd5 26. Bb6 Qd7 27. Qf3
Rb8 28. Qe2 Rb7 29. Rab1 Rd3 30. h3 Rxc3 31. Bd4 Rxb2 32. Rxb2 Rc1+ 33. Kh2
Qd6+ 34. f4 c3 35. Qg4 g6 36. Rb6 c2 37. Rxa6 Rh1+ 38. Kxh1 c1=Q+ 39. Kh2 Qd8
40. Be5 Qc4 41. Qh4 f6 42. Bxf6 Qf8 43. Ra8 Qxa8 44. Qxh6 1-0